| 000 | 00483nam a2200193Ia 4500 | ||
|---|---|---|---|
| 005 | 20140402144555.0 | ||
| 008 | 140130s9999 xx 000 0 und d | ||
| 020 | _a0439775221 | ||
| 050 |
_aPZ 7 _b.B14032Coo 2005 |
||
| 100 |
_aBaglio, Ben M. _95246 |
||
| 245 |
_cBen M. Baglio. _aColt on Christmas Eve / |
||
| 260 |
_bScholastic, _c2005. _aUSA : |
||
| 300 |
_a142 p. : _c24 cm. |
||
| 440 |
_v1 _931174 |
||
| 521 | _aG8 | ||
| 526 | _c910 | ||
| 942 |
_cBK _2lcc |
||
| 999 |
_c41276 _d41276 |
||